Detalles MARC
| 000 -ENCABEZADO |
| Número de control [NR] |
01287nam a2200337Ia 4500 |
| 005 - FECHA Y HORA DE LA ÚLTIMA TRANSACCIÓN |
| control field |
20150622093252.0 |
| 008 - DE LONGITUD FIJA DE DATOS DE ELEMENTOS - INFORMACIÓN GENERAL |
| Elementos de longitud fija [NR] |
130821s2004 ck ab gr spa |
| 020 ## - NUMERO INTERNACIONAL NORMALIZADO PARA LIBROS [R] |
| Número Internacional Normalizado del libro [NR] |
9583367230 |
| Términos de disponibilidad [NR] |
2004 |
| 020 ## - NUMERO INTERNACIONAL NORMALIZADO PARA LIBROS [R] |
| Número Internacional Normalizado del libro [NR] |
9583389846 |
| Términos de disponibilidad [NR] |
2005 |
| 020 ## - NUMERO INTERNACIONAL NORMALIZADO PARA LIBROS [R] |
| Número Internacional Normalizado del libro [NR] |
9789584423269 |
| Términos de disponibilidad [NR] |
2007 |
| 020 ## - NUMERO INTERNACIONAL NORMALIZADO PARA LIBROS [R] |
| Número Internacional Normalizado del libro [NR] |
9789589895603 |
| Términos de disponibilidad [NR] |
2008 |
| 020 ## - NUMERO INTERNACIONAL NORMALIZADO PARA LIBROS [R] |
| Número Internacional Normalizado del libro [NR] |
9789589895634 |
| Términos de disponibilidad [NR] |
2010 |
| 020 ## - NUMERO INTERNACIONAL NORMALIZADO PARA LIBROS [R] |
| Número Internacional Normalizado del libro [NR] |
9789589895665 |
| Términos de disponibilidad [NR] |
2011 |
| 022 ## - NUMERO INTERNACIONAL NORMALIZADO PARA PUBLICACIONES SERIADAS |
| Número Internacional Normalizado para Publicaciones Seriadas [NR] |
2323-072X |
| 040 ## - FUENTE DE CATALOGACION [NR] |
| Agencia de catalogación original [NR] |
CO-BoUCM |
| Idioma de catalogación [NR] |
spa |
| Quien Cataloga |
Jose A. Gerena (modificó) |
| Quien Clasifica |
[Nuevo] |
| 041 00 - CODIGO DE IDIOMA [R] |
| Código de idioma para texto/pista de sonido o título separado [R] |
Español |
| 110 2# - ASIENTO PRINCIPAL--NOMBRE CORPORATIVO [NR] |
| Nombre corporativo o de jurisdicción como elemento de entrada [NR] |
Observatorio Colombiano de Ciencia y Tecnología |
| ID de autoridad |
37182 |
| 245 10 - MENCION DE TITULO [NR] |
| Título [NR] |
Indicadores de ciencia y tecnología |
| Mención de responsabilidad, etc. [NR] |
Observatorio Colombiano de Ciencia y Tecnología |
| 260 ## - PUBLICACION, DISTRIBUCION, ETC. (PIE DE IMPRENTA) [R] |
| Lugar de publicación, distribución, etc. [R] |
Bogotá (Colombia) |
| Nombre del editor, distribuidor, etc. [R] |
Observatorio Colombiano de Ciencia y Tecnología |
| Fecha de publicación, distribución, etc. [R] |
2004- |
| 300 ## - DESCRIPCION FISICA [R] |
| Extensión [R] |
volúmenes |
| Otros detalles físicos [NR] |
ilustraciones, mapas, gráficas |
| 650 07 - ASIENTO SECUNDARIO DE MATERIA - TERMINO TEMATICO [R] |
| Término temático o nombre geográfico como elemento de entrada [NR] |
Ciencia y tecnología |
| Subdivisión geográfica [R] |
Colombia |
| 9 (RLIN) |
10790 |
| 650 07 - ASIENTO SECUNDARIO DE MATERIA - TERMINO TEMATICO [R] |
| Término temático o nombre geográfico como elemento de entrada [NR] |
Desarrollo científico y tecnológico |
| Subdivisión geográfica [R] |
Colombia |
| 9 (RLIN) |
52102 |
| 650 07 - ASIENTO SECUNDARIO DE MATERIA - TERMINO TEMATICO [R] |
| Término temático o nombre geográfico como elemento de entrada [NR] |
Indicadores científicos |
| Subdivisión geográfica [R] |
Colombia |
| 9 (RLIN) |
17300 |
| 650 07 - ASIENTO SECUNDARIO DE MATERIA - TERMINO TEMATICO [R] |
| Término temático o nombre geográfico como elemento de entrada [NR] |
Investigación |
| 9 (RLIN) |
17968 |
| 650 07 - ASIENTO SECUNDARIO DE MATERIA - TERMINO TEMATICO [R] |
| Término temático o nombre geográfico como elemento de entrada [NR] |
Sociología |
| 9 (RLIN) |
24766 |
| 690 ## - ASUNTO AGREGADO LOCAL DE ENTRADA - TÉRMINO TEMÁTICO (OCLC, RLIN) |
| 9 (RLIN) |
42914 |
| Acceso temático local |
Sociología |
| 700 1# - ASIENTO SECUNDARIO - NOMBRE PERSONAL [R] |
| Nombre personal [NR] |
Daza Caicedo, Sandra Patricia |
| 9 (RLIN) |
37183 |
| 700 1# - ASIENTO SECUNDARIO - NOMBRE PERSONAL [R] |
| Nombre personal [NR] |
Lucio Arias, Diana Patricia |
| 9 (RLIN) |
37184 |
| 942 ## - ELEMENTOS DE ENTRADA AGREGADOS (KOHA) |
| Tipo de ítem principal el descrito en 300a |
Libro |
| Tema principal |
Sociología |
| Edición |
1 |
| Parte restante de la signatura top. |
O14 |
| Sistema de clasificación |
DEWEY |
| Clasificación |
303.483861 |